LEADER 02314oam 2200529zu 450 001 9910375916803321 005 20220720215245.0 035 $a(CKB)3170000000002339 035 $a(SSID)ssj0001138200 035 $a(PQKBManifestationID)11712463 035 $a(PQKBTitleCode)TC0001138200 035 $a(PQKBWorkID)11131507 035 $a(PQKB)11069426 035 $a(WaSeSS)IndRDA00013854 035 $a(Association for Computing Machinery)10.1145/1023646 035 $a(EXLCZ)993170000000002339 100 $a20160829d2004 uy 101 0 $aeng 135 $aur||||||||||| 181 $ctxt 182 $cc 183 $acr 200 10$aWiSe : proceedings of the 2004 ACM Workshop on Wireless Security : co-located with MobiCom 2004 Conference : October 1, 2004, Philadelphia, Pennsylvania, USA 210 31$a[Place of publication not identified]$cACM$d2004 215 $a1 online resource (98 pages) 225 1 $aACM Conferences 300 $aBibliographic Level Mode of Issuance: Monograph 311 $a1-58113-925-X 410 0$aACM Conferences 517 1 $aWireless Security :$eproceedings of the 2004 Association for Computing Machinery Workshop on Wireless Security : co-located with MobiCom 2004 Conference : October 1, 2004, Philadelphia, Pennsylvania, United States of America 517 1 $aProceedings of the 3rd ACM Workshop on Wireless Security 517 1 $aWiSE '04 2004 ACM Workshop on Wireless Security ( co-located with Mobicom 2004 Conference ), Philadelphia, PA, USA - October 01, 2004 606 $aElectrical & Computer Engineering$2HILCC 606 $aEngineering & Applied Sciences$2HILCC 606 $aTelecommunications$2HILCC 615 7$aElectrical & Computer Engineering 615 7$aEngineering & Applied Sciences 615 7$aTelecommunications 676 $a621.384 700 $aJakobsson$b Markus$0858802 712 02$aACM SIGMOBILE, 712 02$aCarnegie Mellon CyLab, 712 12$aACM/IEEE International Conference on Mobile Computing and Networking$f(2004 :$ePhiladelphia, Pa.) 801 0$bPQKB 912 $a9910375916803321 996 $aWiSe : proceedings of the 2004 ACM Workshop on Wireless Security : co-located with MobiCom 2004 Conference : October 1, 2004, Philadelphia, Pennsylvania, USA$91916899 997 $aUNINA